000 007090000a22001810004500
003 MACL
005 20160503153518.0
008 160503b xxu||||| |||| 00| 0 eng d
040 _aMACL
_cMACL
041 _aHindi
082 _a800 VIJ
100 _aविजयवर्गीय, दयाकृष्‍ण
_954979
245 _aसांस्‍कृतिक राष्‍ट्रवाद और भारतीय साहित्‍य
_cदयाकृष्‍ण विजयवर्गीय
260 _bधारिका पब्लिकेशन्‍स
_c2006
_aनई दिल्‍ली
350 _a300
650 _aLiterature
_954980
942 _cHIN
_k800/VIJ/L
_2ddc
999 _c11500
_d11500